| 000 | 00699nam a2200193Ii 4500 | ||
|---|---|---|---|
| 003 | JO-AjNU | ||
| 008 | 230605s9999||||xx |||||||||||||| ||und|| | ||
| 040 |
_aJO-AjNU _bara _erda _cJO-AjNU |
||
| 041 | _aara | ||
| 050 | 1 | 4 | _aSB317.P3.H34 2003 |
| 100 | 3 |
_aعبدالحفيظ ، عماد محمد ذياب , _eauthor _916755 |
|
| 245 | 0 | 0 | _aدراسات عن النخلة التمر وافاتها المفصلية التي تصيبها في الوطن العربي |
| 264 | 3 | 1 | _a د.م : د.ن ،1900 |
| 300 | _a192ص | ||
| 336 |
_atext _btxt _2rdacontent |
||
| 337 |
_aunmediated _bn _2rdamedia |
||
| 338 |
_avolume _bnc _2rdacarrier |
||
| 650 | 4 |
_aالنخيل في الوطن العربي _916756 |
|
| 999 |
_aA5036 _c8604 _d8604 |
||